| 000 | 00548nam a22002057a 4500 | ||
|---|---|---|---|
| 003 | OSt | ||
| 005 | 20151104130059.0 | ||
| 008 | 151104b xxu||||| |||| 00| 0 eng d | ||
| 020 | _a082645391 | ||
| 040 | _cDDC | ||
| 082 |
_a658; _b.COL,2000; |
||
| 100 |
_aCole, G A; _95278 |
||
| 245 | _aManagement Theory and Practice | ||
| 250 | _a5th ed | ||
| 260 |
_aLondon and Newyork; _bContinuum; _c2000; |
||
| 300 |
_axiv,462p; _bill; _c35cm; |
||
| 504 | _aIncludes Appendices and index | ||
| 650 |
_aHuman Resourse Management _95979 |
||
| 942 |
_2ddc _cSLOAN |
||
| 999 |
_c2411 _d2411 |
||